Estado sagrado chronologico, genealógico, y universal del mundo (Record no. 8523)
[ view plain ]
| 000 -CABECERA | |
|---|---|
| campo de control de longitud fija | 01205nam a2200229 a 4500 |
| 001 - NÚMERO DE CONTROL | |
| campo de control | BRCA_8872 |
| 005 - FECHA Y HORA DE LA ÚLTIMA TRANSACCIÓN | |
| campo de control | 20190320210437.0 |
| 008 - DATOS DE LONGITUD FIJA--INFORMACIÓN GENERAL | |
| campo de control de longitud fija | 140617s1776----sp-#######---#000-0#spa-# |
| 041 ## - CÓDIGO DE LENGUA | |
| Código de lengua del texto/banda sonora o título independiente | spa |
| 044 ## - CÓDIGO DEL PAÍS DE LA ENTIDAD EDITORA/PRODUCTORA | |
| Código MARC del país | sp |
| 084 ## - OTRO NÚMERO DE CLASIFICACIÓN | |
| Número de clasificación | BE256 |
| Número de documento/Ítem | .C84 1776 |
| 100 1# - ENTRADA PRINCIPAL--NOMBRE DE PERSONA | |
| Nombre de persona | Cuesta, Leonardo Antonio de la |
| 9 (RLIN) | 22048 |
| 245 10 - MENCIÓN DE TÍTULO | |
| Título | Estado sagrado chronologico, genealógico, y universal del mundo |
| Resto del título | desde su creación, hasta los presentes siglos, en que dará noticia de los Patriarcas, Profetas, Pontifices, Emperadores, Reyes, Escritores, y otras personas ilustres, con los Concilios, Cismas, Anti-Papas, Heresiarcas, persecuciones de la Iglesia, y varios acaecimientos curiosos en que pueda divertirse todo genero de personas: tomo III |
| Mención de responsabilidad, etc. | su autor D. Leonardo Antonio de la Cuesta, residente en esta Corte. |
| 260 ## - PUBLICACIÓN, DISTRIBUCIÓN, ETC. | |
| Lugar de publicación, distribución, etc. | Madrid |
| Nombre del editor, distribuidor, etc. | En la imprenta de D. Manuel Martin |
| Fecha de publicación, distribución, etc. | 1776 |
| 300 ## - DESCRIPCIÓN FÍSICA | |
| Extensión | 382 p. (t.3) |
| Dimensiones | 16 x 10.3 cm. |
| 500 ## - NOTA GENERAL | |
| Nota general | Con las licencias necesarias |
| 500 ## - NOTA GENERAL | |
| Nota general | Estado físico: presenta encuadernación en pergamino deteriorado, con hojas semi desprendidas |
| 650 14 - PUNTO DE ACCESO ADICIONAL DE MATERIA--TÉRMINO DE MATERIA | |
| Término de materia o nombre geográfico como elemento de entrada | Iglesia católica |
| Subdivisión general | Historia |
| Subdivisión cronológica | Obras anteriores a 1800 |
| 9 (RLIN) | 21972 |
| 700 1# - PUNTO DE ACCESO ADICIONAL--NOMBRE DE PERSONA | |
| Nombre de persona | Manuel Martin |
| Término indicativo de función/relación | Impresor |
| 9 (RLIN) | 22092 |
| 902 ## - CATALOGADOR | |
| Iniciales | CFM |
| 942 ## - ELEMENTOS DE PUNTO DE ACCESO ADICIONAL (KOHA) | |
| Fuente del sistema de clasificación o colocación | Library of Congress Classification |
| Tipo de ítem Koha | Libros |
| Estado de retiro | Estado de pérdida | Estado dañado | No para préstamo | Localización permanente | Ubicación/localización actual | Fecha de adquisición | Total de préstamos | Signatura topográfica completa | Código de barras | Fecha visto por última vez | Precio válido a partir de | Tipo de ítem Koha |
|---|---|---|---|---|---|---|---|---|---|---|---|---|
| El ejemplar forma parte de la colección y puede ser consultado según las políticas vigentes. | Biblioteca del Museo Franz Mayer (Rogerio Casas-Alatriste) | Biblioteca del Museo Franz Mayer (Rogerio Casas-Alatriste) | 14/06/2017 | BE256 .C84 1776 | CFM00196 | 22/03/2019 | 22/03/2019 | Libros |